| 000 | 00368cam a2200145ua 4500 | ||
|---|---|---|---|
| 041 |
_ahin _h |
||
| 082 |
_a891.54 _bvin/CH |
||
| 100 | _aVinod chandrapandy, Vinod . | ||
| 245 |
_aChakraviyuh / _cVinod Chandra pandy. _hTextual Documents |
||
| 260 |
_a : _bRam Narayan Lal Beni Madhav , _c1967. |
||
| 300 | _a ; . | ||
| 504 | _a | ||
| 942 | _cBK | ||
| 999 |
_c11944 _d11944 |
||